|
|
|
|
| LEADER |
00000nam a2200000 a 4500 |
| 001 |
vtls010274363 |
| 003 |
SK-MaSNL |
| 005 |
20260302011732.0 |
| 008 |
251029s2011 xo g 000 jdslo |
| 015 |
|
|
|a SNBA2011/08-04365
|
| 020 |
|
|
|a 9788089178384
|q (brož.)
|
| 040 |
|
|
|a SNK
|b slo
|c SNK
|e AACR2
|
| 041 |
0 |
|
|a slo
|
| 044 |
|
|
|a xo
|c SK
|
| 072 |
|
7 |
|a 821.162.4-3
|x Slovenská próza
|2 konspekt
|
| 080 |
|
|
|a 821.162.4-32
|2 2001
|
| 100 |
1 |
|
|a Čičmanec, Ivan,
|d 1942-
|4 aut
|9 11344
|
| 245 |
1 |
0 |
|a Vzdychy a údery
|c Ivan Čičmanec
|
| 250 |
|
|
|a 1. vyd.
|
| 260 |
|
|
|a Dunajská Lužná
|b MilaniuM
|c 2011
|
| 490 |
1 |
|
|a Slovenská próza
|v 49
|
| 500 |
|
|
|a Biogr. údaje
|
| 655 |
|
7 |
|a slovenské poviedky
|2 SNKPH
|9 70226
|
| 655 |
|
7 |
|a Slovak short stories
|2 SNKPHeng
|9 309577
|
| 830 |
|
0 |
|a Slovenská próza
|9 290759
|
| 919 |
|
|
|a 978-80-89178-38-4
|
| 958 |
|
|
|a LX
|
| 968 |
|
|
|d 821
|
| 999 |
|
|
|c 1007208
|d 1009138
|
| 952 |
|
|
|a SNK
|b SNK
|y PREZ
|7 0
|p 17A0701263
|o snkSD 80101
|i snk2011/9635
|8 0
|0 0
|1 0
|4 0
|d 2011-04-28
|l 0
|r 2025-11-27 00:00:00
|w 2026-02-24
|
| 952 |
|
|
|a SNK
|b SNK
|y VYP
|7 0
|p 17A0701262
|o snkSD 80101 D1
|i snk2011/9636
|8 0
|0 0
|1 0
|4 0
|d 2011-04-28
|l 0
|r 2017-06-30 00:00:00
|w 2026-02-24
|